Khảo sát hiệu quả của Interferon alpha và Gamma gà biểu hiện trên pichia pastoris trong phòng và trị bệnh viêm gan do virus ở vịt : Luận văn tốt nghiệp Cao học. Chuyên ngành Thú y
Đề tài khảo sát tính an toàn của ChIFN-a và ChIFN-y trên vịt con và hiệu quả của ChIFN-a và ChIFN-y trong phòng và trị bệnh viêm gan do virus trên vịt con.
Đã lưu trong:
| Príomhúdar: | |
|---|---|
| Formáid: | Leabhar |
| Teanga: | Undetermined |
| Foilsithe: |
Cần Thơ
Trường Đại học Cần Thơ
2014
|
| Ábhair: | |
| Clibeanna: |
Cuir Clib Leis
Gan Chlibeanna, Bí ar an gcéad duine leis an taifead seo a chlibeáil!
|
| Thư viện lưu trữ: | Trung tâm Học liệu Trường Đại học Cần Thơ |
|---|
| LEADER | 01136nam a2200229Ia 4500 | ||
|---|---|---|---|
| 001 | CTU_198694 | ||
| 008 | 210402s9999 xx 000 0 und d | ||
| 082 | |a 636.597089 | ||
| 082 | |b Th523 | ||
| 088 | |a 60640101 | ||
| 100 | |a Nguyễn, Thị Minh Thùy | ||
| 245 | 0 | |a Khảo sát hiệu quả của Interferon alpha và Gamma gà biểu hiện trên pichia pastoris trong phòng và trị bệnh viêm gan do virus ở vịt : | |
| 245 | 0 | |b Luận văn tốt nghiệp Cao học. Chuyên ngành Thú y | |
| 245 | 0 | |c Nguyễn Thị Minh Thùy ; Hồ Thị Việt Thu (Người hướng dẫn) | |
| 260 | |a Cần Thơ | ||
| 260 | |b Trường Đại học Cần Thơ | ||
| 260 | |c 2014 | ||
| 520 | |a Đề tài khảo sát tính an toàn của ChIFN-a và ChIFN-y trên vịt con và hiệu quả của ChIFN-a và ChIFN-y trong phòng và trị bệnh viêm gan do virus trên vịt con. | ||
| 650 | |a Gia cầm,Poultry | ||
| 650 | |x Bệnh,Diseases | ||
| 904 | |i Nguyễn Minh Nhân, Hải | ||
| 980 | |a Trung tâm Học liệu Trường Đại học Cần Thơ | ||